000 00236nam a22000977a 4500
008 210719b ||||| |||| 00| 0 eng d
245 _aFarmer`s Manual
260 _aTsirang :
_bICIMOD,
_c2017.
300 _a48 p.
_bill,
_c24 cm.
942 _2ddc
999 _c8806
_d8807